Enseñar y aprender la democracia

Guardat en:
Dades bibliogràfiques
Autors principals: Albacete, Catalina (Autor), Cárdenas, Isabel (Autor), Delgado, Consuelo (Autor)
Format: Llibre
Idioma:espanyol
Publicat: Madrid Síntesis 2000
Col·lecció:Didáctica de las Ciencias Sociales. Educación, 5
Matèries:
Etiquetes: Afegir etiqueta
Sense etiquetes, Sigues el primer a etiquetar aquest registre!

MARC

LEADER 00000nam a2200000 a 4500
001 UCN3896
003 CL-VaPUC
008 010713e20000000SP |||||||||||||||||spa|d
082 0 4 |a 321.8  |b ALB  |2 21 
100 0 |a Albacete, Catalina  |e author  |9 460507 
700 0 |a Cárdenas, Isabel  |e author  |9 460508 
700 0 |a Delgado, Consuelo  |e author  |9 460509 
245 1 0 |a Enseñar y aprender la democracia 
300 |a 255 p 
942 |c BK 
945 |d 20010713 00:00:00  |a vberengu 
260 |a Madrid  |b Síntesis  |c 2000 
650 0 |a Democracia  |9 255256 
650 0 |a Educación cívica  |9 314665 
583 |a last modification  |c 20170824 12:10:59  |k Rodrigo Vera 
490 0 |a Didáctica de las Ciencias Sociales. Educación, 5 
999 |c 296567  |d 296565 
952 |0 0  |1 0  |4 0  |6 321_800000000000000_ALB_2000  |7 0  |8 A  |9 350449  |a BIBEDU  |b BIBEDU  |d 2019-11-20  |i 3699137  |o 321.8 ALB 2000  |p 3699137  |r 2019-11-20  |w 2019-11-20  |y BK  |k EPE